Great Literature #46 - Statistics

General Stats
  • This quiz has been taken 72 times
    58 since last reset
  • The average score is 9 of 20
Answer Stats
Hint Explanation Answer % Correct
Pygmalion 1913 George Bernard Shaw
94%
Nicholas Nickleby 1838-1839, published serially Charles Dickens
89%
The Third Man 1949 Graham Greene
61%
Oranges Are Not the Only Fruit 1985 Jeanette Winterson
58%
Four Quartets 1936-1942, poems published serially; first collected in 1943 T. S. Eliot
56%
Valley of the Dolls 1966 Jacqueline Susann
53%
Claudine 1900-1904, four novels published serially Colette, Henry Gauthier-Villars
47%
Interpreter of Maladies 2000 Jhumpa Lahiri
47%
Wilhelm Meister’s Apprenticeship 1795-1796 (Wilhelm Meisters Lehrjahre) Johann Wolfgang von Goethe
47%
Cathedral 1981 Raymond Carver
44%
The Words 1963 (Les mots) Jean-Paul Sartre
42%
The Heart of Midlothian 1818 Walter Scott
42%
King Solomon’s Mines 1885 H. Rider Haggard
39%
Being and Time 1927 Martin Heidegger
36%
Reflections on the Revolution in France 1790 Edmund Burke
28%
Hadrian the Seventh 1904 Frederick Rolfe (Baron Corvo)
28%
The Worst Journey in the World 1922 Apsley Cherry-Garrard
22%
The Road to Oxiana 1937 Robert Byron
22%
The Castle of Otranto 1764 Horace Walpole
19%
The Dwarf 1944 (Dvärgen) Pär Lagerkvist
14%
No matching quizzes found
Score Distribution
Percent of People with Each Score
Percentile by Number Answered
Your Score History
You have not taken this quiz since the last reset